| 000 | 00577nam a22001937a 4500 | ||
|---|---|---|---|
| 003 | 0 | ||
| 005 | 20240430134757.0 | ||
| 008 | 240430b xxu||||| |||| 00| 0 eng d | ||
| 020 | _a978-0-141-34683-0 | ||
| 050 |
_aFIC _bR48 2013 |
||
| 082 |
_aFIC _bR48 2013 |
||
| 100 | _aRiordan, Rick | ||
| 245 |
_aPercy Jackson and the battle of labyrinth _cRick Riordan |
||
| 260 |
_aLondon _bPuffin Books ; Penguin Random House _c2013. |
||
| 300 |
_a341 pages ; _b20cm. |
||
| 650 | _aMythology, Greek -- Fiction. | ||
| 650 | _aAnimals, Mythical -- Juvenile fiction | ||
| 942 |
_2ddc _cBC |
||
| 999 |
_c365965 _d365965 |
||